Chorvátsko

Bibliographic Details
Format: Article
Language:Slovak
PhysicalDescription:Fotogr., obr.
ISSN:1335-440X
Subjects:

MARC

LEADER 00000nab a2200000 ar4500
001 vtls008957194
003 SK-MaSNL
005 20260304045414.0
008 070320c2006 xo dr|p|||||||000 b|slo
015 |a SNBRB2007/03  |2 snkbucl 
038 |a SNKBUCL 
040 |a SNKBUCL  |b slo  |c SNKBUCL  |e AACR2 
041 |a slo 
044 |a xo  |c SK 
080 |a 908(497.13)  |2 2001 
080 |a 338.48  |x (497.13)  |2 2001 
245 0 0 |a Chorvátsko 
300 |b Fotogr., obr. 
500 |a (Špecializovaná príloha) 
650 0 7 |a cestovný ruch  |z Chorvátsko  |2 snkbucl  |9 16971 
651 7 |a Chorvátsko  |2 snkbucl  |9 16553 
773 0 |t Sme. Práca  |g Roč. 15, č. 112 (17.5.2006)  |x 1335-440X 
773 0 8 |i Príl.:  |t Chrvátsko  |g (17.5.2006), s.1-8 
852 |a SNK  |b KIS3GCP 
958 |a HR 
999 |c 2692224  |d 2694154